| 000 | 01387cam a2200301 a 4500 | ||
|---|---|---|---|
| 999 |
_c24791 _d24791 |
||
| 001 | 13760973 | ||
| 005 | 20170130102953.0 | ||
| 008 | 041025s2006 maua b 001 0 eng | ||
| 010 | _a 2004058568 | ||
| 020 | _a0072959886 | ||
| 020 | _a0072959916 | ||
| 040 |
_aDLC _cDLC _dDLC |
||
| 042 | _apcc | ||
| 050 | 0 | 0 |
_aP90 _b.H745 2006 |
| 082 | 0 | 0 |
_a302.2 _222 |
| 245 | 0 | 0 |
_aHuman communication / _cJudy C. Pearson ... [et al.]. |
| 250 | _a2nd ed. | ||
| 260 |
_aBoston : _bMcGraw-Hill, _cc2006. |
||
| 300 |
_axxiv, 443, [27] p. : _bcol. ill. ; _c26 cm. |
||
| 504 | _aIncludes bibliographical references and index. | ||
| 650 | 0 | _aCommunication. | |
| 700 | 1 | _aPearson, Judy C. | |
| 856 | 4 | 2 |
_3Publisher description _uhttp://www.loc.gov/catdir/enhancements/fy0618/2004058568-d.html |
| 856 | 4 | 1 |
_3Table of contents only _uhttp://www.loc.gov/catdir/enhancements/fy0618/2004058568-t.html |
| 856 | 4 | 2 |
_3Contributor biographical information _uhttp://www.loc.gov/catdir/enhancements/fy0737/2004058568-b.html |
| 906 |
_a7 _bcbc _corignew _d1 _eocip _f20 _gy-gencatlg |
||
| 942 |
_2lcc _cBOOKS _hP 90 .H745 2006 |
||